MARC

LEADER 00000nam0a2200000 4500
001 141321
005 20231031142409.0
010 |a 5217007419 
035 |a (RuTPU)RU\TPU\book\153171 
090 |a 141321 
100 |a 20080808d1990 m y0rusy50 ca 
101 0 |a rus 
102 |a RU 
105 |a a j 001zy 
200 1 |a Устройство ЧПУ "Электроника НЦ-31" и его техническое обслуживание  |e учебное пособие  |f В. К. Облов 
210 |a Москва  |c Машиностроение  |d 1990 
215 |a 80 с.  |c ил. 
225 1 |a Университет технического прогресса в машиностроении 
320 |a Библиогр.: с. 78. 
610 1 |a ЧПУ 
610 1 |a электроника 
610 1 |a техническое обслуживание 
610 1 |a машиностроение 
610 1 |a технический прогресс 
610 1 |a преобразователи 
610 1 |a диагностика 
610 1 |a сервисные приборы 
675 |a 621.9.06-529.004(07)  |v 3 
700 1 |a Облов  |b В. К.  |g Виталий Константинович 
801 1 |a RU  |b 63413507  |c 20080808  |g PSBO 
801 2 |a RU  |b 63413507  |c 20081210  |g PSBO 
942 |c BK